000 00483nam a2200133Ia 4500
005 20260209120139.0
008 260209s9999||||xx |||||||||||||| ||und||
100 _aAjay Dixit
245 0 _aHuman rights protection for disadvantaged groups under international and national scenario
260 _aBangaloreBangalore
_bNLSIU
_c2017
300 _a182 p. ; 25 cm.
700 _aProf. H K Nagaraja - GuideProf. H K Nagaraja - Guide
856 _uhttps://dans.nls.ac.in/handle/123456789/1558
999 _c217340
_d217340